000 00365nam a2200145Ia 4500
008 151213s9999 xx 000 0 und d
100 _aAndre Maurois
245 _aByron
_cAndre Maurois
260 _aLondon
_bthe Bedley Head
_c1930
300 _a8868 p.
650 _aEnglish Literature
650 _aEnglish Literature
700 _aAndre Maurois
999 _c4653
_d4653